| 000 | 00614nam a22001697a 4500 | ||
|---|---|---|---|
| 999 |
_c8164 _d8164 |
||
| 003 | AUA.1 | ||
| 005 | 20191024190938.0 | ||
| 008 | 121025t xxu||||| |||| 00| 0 eng d | ||
| 040 | _cJTL | ||
| 100 |
_aDavid Adewale Alabi _927993 |
||
| 245 |
_aA Case Study of the Attitude of the Seventh-Day Adventist Church Ilorin, Nigeria on the Gift of Miracle and Healing _cDavid Adewale Alabi |
||
| 300 |
_a69 p. : _c29 cm. |
||
| 650 |
_aHealing, gift _927994 |
||
| 650 |
_aMiracle, gift _927995 |
||
| 650 |
_aGifts, Attitudes _vSeventh-day Adventists _zNigeria _927996 |
||
| 942 |
_2aua _cPROJECT _hMA PTh _i.D38 2009 |
||